00536nam a22001577a 450000500170000000800410001702000220005805000220008010000210010224500520012326000550017530000350023050000500026565000150031570000480033020250709103118.0250709b |||||||| |||| 00| 0 eng d a978-1-111-82237-8 aHF 5635 .W34 2013 aWAHLEN, JAMES M. aINTERMEDIATE ACCOUNTING: REPORTING AND ANALYSIS aMASON, OH bSOUTH-WESTERN CENGAGE LEARNING c2013 a 1 V. (VARIOUS PAGINGS) : ILL. aINCLUDES BIBLIOGRAPHICAL REFERENCES AND INDEX aACCOUNTING a1. JONES, JEFFERSON P. 2. PAGACH, DONALD P.